|
|
|
|
| LEADER |
00000nam a22000007a 4500 |
| 005 |
20151104110014.0 |
| 007 |
cr|||| ||u| |
| 008 |
151104s2012 ck ||||| |||| 00||0 por d |
| 020 |
|
|
|a 9789587382419
|
| 035 |
|
|
|a 12921
|
| 040 |
|
|
|a vLex
|
| 090 |
|
|
|c 5658
|d 5658
|
| 100 |
1 |
|
|a Zuleta, Eduardo
|
| 245 |
1 |
3 |
|a El concepto de laudo arbitral
|h [Recurso electrn̤ico /
|c Eduardo Zuleta
|
| 256 |
|
|
|a Servicio en ln̕ea
|
| 300 |
|
|
|a 1 recurso electrn̤ico
|
| 500 |
|
|
|a Se han propuesto un sinnm︢ero de estǹdares dirigidos a delimitar el alcance del concepto del laudo, lo que ha dado lugar a un conjunto de posiciones contrapuestas, que parecen no llegar a un punto de encuentro. Sin embargo, este trabajo no pretende hallar verdades ni sumar nuevas teora̕s a las existentes. Por el contrario, busca explicar de la manera ms̀ sistemťica posible los estǹdares en conflicto, brindando al lector una herramienta t︢il para entenderlos y hacer un uso adecuado de ellos. El punto de partida es la identificacin̤ de los dos nc︢leos de las discusiones que rodean al concepto del laudo arbitral, a saber: la finalidad del laudo y el origen territorial del laudo.
|
| 506 |
1 |
|
|a Contenido solo disponible en los productos indicados
|d vLex Global
|d vLex Global (Academic Edition, excluding Law Schools)
|d vLex Global (U.S. Academic Edition, Law Schools)
|d vLex Global (U.S. Academic Edition, excluding Law Schools)
|d vLex Global (Academic Edition, Law Schools)
|
| 650 |
0 |
4 |
|a Derecho
|z Colombia
|
| 740 |
0 |
|
|a vLex libros (servicio en ln̕ea)
|
| 856 |
4 |
0 |
|u http://vlex.com/source/concepto-de-laudo-arbitral-12921
|z Acceso restringido
|
| 942 |
|
|
|c BOOK
|
| 999 |
0 |
|
|a Law
|